Historia particular del Estado de Jalisco : desde los primeros tiempos de que hay noticia hasta nuestros días /
Historia del estado mexicano de Jalisco, que abarca desde la época prehispánica con los primeros pobladores de la región, hasta 1880 aproximadamente. Contiene también varias biografías breves sobre los jaliscienses destacados en diversas áreas del conocimiento, de la historia y del arte.
Salvato in:
| Autore principale: | |
|---|---|
| Altri autori: | |
| Natura: | Libro |
| Lingua: | spagnolo |
| Edizione: | 2a edición |
| Soggetti: | |
| Tags: |
Nessun Tag, puoi essere il primo ad aggiungerne!!
|
MARC
| LEADER | 00000nam^a2200000^a^4500 | ||
|---|---|---|---|
| 001 | 000328250 | ||
| 005 | 20250521000000.0 | ||
| 009 | 20260310113901.707 | ||
| 037 | |a Acervo ITESO - Biblioteca | ||
| 041 | |a ESP | ||
| 082 | |a 972. 35 |b PER | ||
| 100 | |a Pérez Verdía, Luis |e (autor) | ||
| 240 | 1 | 1 | |a [Historia particular del Estado de Jalisco] |
| 245 | 1 | 0 | |a Historia particular del Estado de Jalisco : |b desde los primeros tiempos de que hay noticia hasta nuestros días / |c L. Pérez Verdía ; prelim. de J. Cornejo Franco. |
| 250 | |a 2a edición | ||
| 264 | |a Guadalajara, México : |b Gobierno del Estado de Jalisco, |c 1951 | ||
| 300 | |a 3 v. (XIX, 559, XIII, 678, XV, 544 p.) | ||
| 336 | |a texto |b txt |2 rdacontenido | ||
| 337 | |a sin mediación |b n |2 rdamedio | ||
| 338 | |a volumen |b nc |2 rdasoporte | ||
| 520 | |a Historia del estado mexicano de Jalisco, que abarca desde la época prehispánica con los primeros pobladores de la región, hasta 1880 aproximadamente. Contiene también varias biografías breves sobre los jaliscienses destacados en diversas áreas del conocimiento, de la historia y del arte. | ||
| 649 | |a XX | ||
| 650 | |a Jaliscienses - |x Biografías | ||
| 650 | |a Mexicanos - |x Biografías | ||
| 650 | |a Jalisco - |x Historia - |x Tema Principal | ||
| 650 | |a México - |x Historia | ||
| 700 | |a Cornejo Franco, José |e (preliminares) | ||
| 910 | |a Fondo Ignacio Díaz Morales | ||
| 920 | |a Impresos - Libros | ||
| 930 | |a Arquitectos Jaliscienses | ||
| 905 | |a 114 | ||
| 901 | |a 0500217482 |b IT1 |c JAL |i D59983 |u 20250521 | ||
| 901 | |a 0500217485 |b IT1 |c JAL |i D59983 |u 20250521 | ||
| 901 | |a 0500217488 |b IT1 |c JAL |i D59983 |u 20250521 | ||
| 902 | |a https://opac.biblio.iteso.mx/vufind/Record/000328250 | ||